000 03864cam a2200745Ka 4500
003 PE-LiUPU
005 20250731173148.0
008 100326s1987 miu obm 000 0 eng d
020 _a0943872499
020 _a9780943872490
035 _a(Sirsi) i9780943872490
040 _aOCLCE
_beng
_epn
_cOCLCE
_dOCLCQ
_dOCLCO
_dOCLCQ
049 _aPRUA
050 4 _aBX6109
_b.AU13 1987
082 0 4 _a286.73205
_bAUS
_221
100 1 _aVan Bemmelen, Peter Maarten.,
_eautor.
245 1 0 _aIssues in Biblical inspiration :
_bSanday and Warfield /
_cby Peter Maarten van Bemmelen.
264 1 _aBerrien Springs, Mich. :
_bAndrews University Press,
_c©1987.
300 _a424 páginas ;
_c23 centímetros.
336 _atext
_2rdacontent
337 _aunmediated
_2rdamedia
338 _avolume
_2rdacarrier
490 1 _aAndrews University Seminary doctoral dissertation series ;
_v13
502 _aPreviously issued as a Th. D. thesis, Andrews University, Seventh-day Adventist Theological Seminary.
504 _aBibliografía : páginas 386-421.
526 _aSEG42
526 _aSEG41
526 _aSEG40
526 _aSEG39
526 _aP94
526 _aP87
526 _aP86
526 _aP85
526 _aP77
526 _aP76
526 _aP35
600 1 0 _aSanday, W.
_q(William),
_d1843-1920.
600 1 0 _aWarfield, Benjamin Breckinridge,
_d1851-1921.
630 0 0 _aBible
_xInspiration
_xHistory of doctrines.
856 4 0 _3Google
_uhttp://books.google.com/books?id=5qXYAAAAMAAJ
856 4 0 _3Google
_uhttp://books.google.com/books?id=5qXYAAAAMAAJ
856 4 0 _3HathiTrust Digital Library, Limited view (search only)
_uhttp://catalog.hathitrust.org/api/volumes/oclc/18787281.html
856 4 0 _3HathiTrust Digital Library, Limited view (search only)
_uhttp://catalog.hathitrust.org/api/volumes/oclc/18787281.html
910 _alclll
_bjck
_clcll
_d20160727
942 _2ddc
_cBOOK
949 _a220.6 A 13
_wDEWEY
_c1
_i53373
_f2017-2-13
_g1
_lCCODEBUL1
_mBUL
_p10.00
_r0
_sY
_tBOOK
_u2015-6-24
_xTEOLOGIA
_PP35
_0COMPRA
_o.STAFF. Colección General
949 _aBS480 .V36 1987
_wLC
_c1
_i66400
_lCIA
_mBWL
_r1
_sY
_tBOOK
_u2016-7-25
_xWHITE
_zUNKNOWN
_0COMPRA
_o.STAFF. Centro White
994 _aC0
_bPEPRU
856 4 0 _3Google
_uhttp://books.google.com/books?id=5qXYAAAAMAAJ
856 4 0 _3Google
_uhttp://books.google.com/books?id=5qXYAAAAMAAJ
856 4 0 _3HathiTrust Digital Library, Limited view (search only)
_uhttp://catalog.hathitrust.org/api/volumes/oclc/18787281.html
856 4 0 _3HathiTrust Digital Library, Limited view (search only)
_uhttp://catalog.hathitrust.org/api/volumes/oclc/18787281.html
856 4 0 _3Google
_uhttp://books.google.com/books?id=5qXYAAAAMAAJ
856 4 0 _3Google
_uhttp://books.google.com/books?id=5qXYAAAAMAAJ
856 4 0 _3HathiTrust Digital Library, Limited view (search only)
_uhttp://catalog.hathitrust.org/api/volumes/oclc/18787281.html
856 4 0 _3HathiTrust Digital Library, Limited view (search only)
_uhttp://catalog.hathitrust.org/api/volumes/oclc/18787281.html
856 4 0 _3Google
_uhttp://books.google.com/books?id=5qXYAAAAMAAJ
856 4 0 _3HathiTrust Digital Library, Limited view (search only)
_uhttp://catalog.hathitrust.org/api/volumes/oclc/18787281.html
856 4 0 _3Google
_uhttp://books.google.com/books?id=5qXYAAAAMAAJ
856 4 0 _3HathiTrust Digital Library, Limited view (search only)
_uhttp://catalog.hathitrust.org/api/volumes/oclc/18787281.html
596 _a1 4
999 _a220.6 A 13
_wDEWEY
_c35340
_i53373
_f2021-11-9
_g5
_lCCODEBUL1
_mBUL
_p10.00
_r0
_sY
_tBOOK
_u2015-6-24
_xTEOLOGIA
_PP35
_0COMPRA
_o.STAFF. Colección General
_d35340
999 _a286.73205 AUS V13
_wLC
_c1
_iCW66400
_f2021-12-22
_g2
_lCCODECWL1
_mBWL
_p30.00
_r1
_sY
_tBOOK
_u2016-7-25
_xWHITE
_zUNKNOWN
_0COMPRA
_o.STAFF. Centro White
980 _81
_gALBERTO SANCHEZ Responsable de Automatización